[Event "Box Hill op"]
[Site "Box Hill"]
[Date "2019.12.20"]
[Round "9"]
[White "Zillmann, Shawn"]
[Black "Ng, Reiner"]
[Result "1/2-1/2"]
[WhiteElo "1687"]
[BlackElo "1659"]
[PlyCount "39"]
[EventDate "2019.10.18"]
[EventType "swiss"]
[EventRounds "9"]
[EventCountry "AUS"]
[SourceTitle "EXT 2021"]
[Source "ChessBase"]
[SourceDate "2020.10.23"]
[SourceVersion "1"]
[SourceVersionDate "2020.10.23"]
[SourceQuality "1"]

1. e4 e5 2. Nf3 Nc6 3. d4 exd4 4. Bc4 Nf6 5. e5 d5 6. Bb5 Ne4 7. Nxd4 Bd7 8. Bxc6 bxc6 9. 0-0 Bc5 10. Qd3 Qe7 11. Bf4 Bb6 12. Nc3 Nxc3 13. Qxc3 c5 14. Nb3 0-0 15. Rad1 Be6 16. Qg3 Kh8 17. Nd2 h6 18. Nf3 c6 19. Rfe1 Rfe8 20. Re2 1/2-1/2

[Event "Begonia op 52nd"]
[Site "Ballarat"]
[Date "2018.03.11"]
[Round "4"]
[White "Ly, Thai"]
[Black "Zillmann, Shawn"]
[Result "1-0"]
[WhiteElo "1999"]
[BlackElo "1688"]
[PlyCount "77"]
[EventDate "2018.03.10"]
[EventType "swiss"]
[EventRounds "7"]
[EventCountry "AUS"]
[SourceTitle "EXT 2019"]
[Source "ChessBase"]
[SourceDate "2018.10.10"]
[SourceVersion "1"]
[SourceVersionDate "2018.10.10"]
[SourceQuality "1"]

1. e4 d6 2. d4 Nf6 3. Nc3 g6 4. f4 Bg7 5. a3 0-0 6. Nf3 Nbd7 7. e5 Ne8 8. b4 e6 9. Be2 d5 10. 0-0 c6 11. Be3 b6 12. Na4 Qc7 13. Rc1 b5 14. Nc5 Nxc5 15. bxc5 Bh8 16. Ne1 Ng7 17. g4 a5 18. Nd3 Ba6 19. Rb1 Rfb8 20. Qd2 Bc8 21. Qe1 Qe7 22. Qg3 Ne8 23. f5 f6 24. fxg6 hxg6 25. exf6 Bxf6 26. Ne5 Bxe5 27. Qxe5 Qg7 28. Bf4 Rb7 29. Bd3 Rf7 30. Qxg7+ Kxg7 31. Be5+ Kg8 32. Bxg6 Rxf1+ 33. Rxf1 Bd7 34. Rf7 Rd8 35. Rh7 Kf8 36. g5 b4 37. axb4 a4 38. Rh8+ Ke7 39. Bd6+ 1-0